Civil war and the rule of law : (Record no. 16347)

000 -LEADER
fixed length control field 01288cam a22003494a 4500
001 - CONTROL NUMBER
control field 15005471
005 - DATE AND TIME OF LATEST TRANSACTION
control field 20170105102938.0
008 - FIXED-LENGTH DATA ELEMENTS--GENERAL INFORMATION
fixed length control field 070913s2008 cou b 001 0 eng
010 ## - LIBRARY OF CONGRESS CONTROL NUMBER
LC control number 2007037868
020 ## - INTERNATIONAL STANDARD BOOK NUMBER
International Standard Book Number 97818130909646
020 ## - INTERNATIONAL STANDARD BOOK NUMBER
International Standard Book Number 9781588265074 (pbk. : alk. paper)
040 ## - CATALOGING SOURCE
Original cataloging agency DLC
Transcribing agency DLC
Modifying agency DLC
050 00 - LIBRARY OF CONGRESS CALL NUMBER
Classification number KZ6355
Item number .C58 2008
082 00 - DEWEY DECIMAL CLASSIFICATION NUMBER
Classification number 341.6
Edition number 22
Author Mark CIV 2009
245 00 - TITLE STATEMENT
Title Civil war and the rule of law :
Remainder of title security, development, human rights /
Statement of responsibility, etc. edited by Agnès Hurwitz with Reyko Huang.
260 ## - PUBLICATION, DISTRIBUTION, ETC.
Place of publication, distribution, etc. New Delhi
Name of publisher, distributor, etc. Viva books,
Date of publication, distribution, etc. 2009.
300 ## - PHYSICAL DESCRIPTION
Extent x, 351 p. ;
Dimensions 23 cm.
504 ## - BIBLIOGRAPHY, ETC. NOTE
Bibliography, etc. note Includes bibliographical references (p.303-329) and index.
650 #0 - SUBJECT ADDED ENTRY--TOPICAL TERM
Topical term or geographic name entry element War (International law)
650 #0 - SUBJECT ADDED ENTRY--TOPICAL TERM
Topical term or geographic name entry element Rule of law.
650 #0 - SUBJECT ADDED ENTRY--TOPICAL TERM
Topical term or geographic name entry element Civil war
General subdivision Protection of civilians.
650 #0 - SUBJECT ADDED ENTRY--TOPICAL TERM
Topical term or geographic name entry element War victims
General subdivision Legal status, laws, etc.
650 #0 - SUBJECT ADDED ENTRY--TOPICAL TERM
Topical term or geographic name entry element Human rights.
650 #0 - SUBJECT ADDED ENTRY--TOPICAL TERM
Topical term or geographic name entry element Security, International.
650 #0 - SUBJECT ADDED ENTRY--TOPICAL TERM
Topical term or geographic name entry element Conflict management.
700 1# - ADDED ENTRY--PERSONAL NAME
Personal name Hurwitz, Agnès G.
700 1# - ADDED ENTRY--PERSONAL NAME
Personal name Huang, Reyko.
856 41 - ELECTRONIC LOCATION AND ACCESS
Materials specified Table of contents only
Uniform Resource Identifier <a href="http://www.loc.gov/catdir/toc/ecip0727/2007037868.html">http://www.loc.gov/catdir/toc/ecip0727/2007037868.html</a>
906 ## - LOCAL DATA ELEMENT F, LDF (RLIN)
a 7
b cbc
c orignew
d 1
e ecip
f 20
g y-gencatlg
942 ## - ADDED ENTRY ELEMENTS (KOHA)
Source of classification or shelving scheme
Koha item type Book
Holdings
Withdrawn status Lost status Damaged status Not for loan Collection code Permanent Location Current Location Shelving location Date acquired Total Checkouts Full call number Barcode Date last seen Price effective from Koha item type
          Centre for International Peace & Stability (CIPS) Centre for International Peace & Stability (CIPS) General Stacks 03/30/2016   341.6 CIV 2009 CIPS0002737 03/30/2016 03/30/2016 Book
© 2023 Central Library, National University of Sciences and Technology. All Rights Reserved.